000 00556nam a2200229Ia 4500
003 OSt
005 20220923230727.0
006 a|||||r|||| 00| 0
007 ta
008 Pun
024 _a305,114
037 _cTextual
040 _aARTS
_cARTS
_bPun
041 _2Pun
_aPun
082 _aQ8441:2I69, 153K9
100 _aFੇਰ ਸਿੰਘ
_9161670
245 0 _aਜਪੁ ਜੀ ਦਰFਨ
260 _c1969
650 _aਧਰਮ
942 _hQ8441:2I69, 153K9
_cTEXL
_2CC
999 _c386917
_d386917